000 00268nam a2200097Ia 4500
008 120527s9999 xx 000 0 und d
100 _aMADSEN, Erik
245 _aCleaning of agricultural and horticultural seeds on smalll scale machine
260 _bISTA]
942 _cBK
999 _c25149
_d25149